| 000 | 00431nam a2200133Ia 4500 | ||
|---|---|---|---|
| 008 | 171207s9999 xx 000 0 und d | ||
| 100 | _aZeligman, Melissa. | ||
| 245 | _aSupervising Counselors-in-Training Through a Developmental, Narrative Model | ||
| 245 | _cMelissa Zeligman | ||
| 260 | _c2017 | ||
| 300 | _apages 42780, January-March 2017 | ||
| 440 |
_aJournal of Creativity in Mental Health _v12:1 |
||
| 650 | _aMENTAL HEALTH | ||
| 999 |
_c347509 _d347509 |
||